| 000 | 00503nam a2200181Ia 4500 | ||
|---|---|---|---|
| 001 | 8271 | ||
| 005 | 20260306160557.0 | ||
| 008 | 260306t2013||||xx |||||||||||||| ||spa|| | ||
| 041 | _aESP | ||
| 082 |
_a370.1523 _bCH51 |
||
| 100 |
_aChabot, Daniel _eAUT |
||
| 245 | 0 |
_aPedagogía emocional: _bsentir para aprender. Integración de la inteligencia emocional en el aprendizaje |
|
| 260 | _c2013 | ||
| 300 |
_aviii, 237 páginas : _c23 cm. |
||
| 650 | _aGEN | ||
| 654 | _aCED | ||
| 942 |
_cLIB _dJUS _fJUS _2ddc _n |
||
| 999 |
_c8271 _d8271 |
||